000 00911nam a2200265Ia 4500
003 GCL
008 140319s9999 xx 000 0 ara d
040 _aGCL /
_cGCL
082 0 4 _a189.1
_bع م
100 1 _aحسن حنفى
245 1 0 _aموسوعة الحضارة العربية الاسلامية /
_cحسن حنفى
700 1 _aعبدالرحمن بدوى
700 1 _aفاضل احمد الطائى
700 1 _aجمال محفوظ
260 _a[S.N] :
_bالمؤسسة العربية للدراسات والنشر ،
_c1987
300 _aمتعدد
490 _a
650 0 4 _aالعالم العربى
650 0 4 _aتاريخ
650 0 4 _aالحضارة العربية الاسلامية - المعارف البحرية
650 0 4 _aالحروب الصليبية
650 0 4 _aالعلوم عند العرب
650 0 4 _aالحضارة الاسلامية
942 _2ddc
_cBK
999 _c35079
_d35079